| 000 | 00626nam a2200217Ia 4500 | ||
|---|---|---|---|
| 001 | 282 | ||
| 005 | 20251203123024.0 | ||
| 008 | 251203t2000||||xx |||||||||||||| ||spa|| | ||
| 041 | _aESP | ||
| 082 |
_a910.91 _bA133 |
||
| 110 | _aAGEA | ||
| 245 | 0 |
_aLas maravillas del mundo _b |
|
| 260 |
_aLima : _bAGEA, _c2000 |
||
| 300 |
_a314 páginas : _b ilustraciones ; _c 34 cm. _e |
||
| 440 |
_a _n _v |
||
| 505 | _aEs un coleccionable del Diario Ojo. Presentada a traves de dieciocho fascĂculos. | ||
| 650 | _aGEH | ||
| 653 | _aDescripciones y viajes; Diecisiete maravillas del mundo | ||
| 654 | _aCTP | ||
| 942 |
_cLIB _dJUS _fMAT _2ddc _n |
||
| 999 |
_c282 _d282 |
||